00433nam a22001577a 450000500170000000800080001702000280002504000090005308200190006211000290008124500670011026000290017730000390020649000190024552100110026420221116091905.0210927  a9781472379344qhardback c3228 aJ 331.702 FIVE aDiscovery comminications a5000 Amazing facts incredible but true facts about everything/ aNew YorkbParragonc2016 a319 pages.bill., portraitsc29 cm aDiscovery kids aJunior